00327nam a2200121Ia 4500008004100000040001600041041001200057082001400069100002200083245004900105260003500154300001600189230917s9999||||xx |||||||||||||| ||und|| e53518aMAIN aEnglish aB R118M:R aMichael, Aloysiys 0aRadhakrishnan on Hindu moral life and action aDelhibCocept Publishingc1979 axiv, 226 p.